Sungai sarang buaya

Bibliographic Details
Format: Book
Published: Selangor : Penerbit Mega Setia Emas , 2005
Series:Siri mitos nusantara
Subjects:

MARC

LEADER 00000cam a2200000 7i4500
001 0000001394
005 20151222.0
008 070705
020 |a 9831434064 
020 |a 983143417X(set) 
090 0 0 |a JF   |b FT MAL (1077) 
245 0 0 |a Sungai sarang buaya   |c Diselenggarakan oleh Sulaiman Zakaria 
260 |a Selangor :   |b Penerbit Mega Setia Emas ,   |c 2005 
440 |a Siri mitos nusantara 
500 |a Children ages 7-9 years old (orange) 
650 0 |a Fantasy fiction, Malay 
999 |a 0000007175   |b Book   |c Children Collection   |e Cawangan Taman Universiti 
999 |a 0000007176   |b Book   |c Children Collection   |e Cawangan Taman Universiti 
999 |a 0000007177   |b Book   |c Children Collection   |e Cawangan Taman Universiti 
999 |a 0000007178   |b Book   |c Children Collection   |e Cawangan Taman Universiti 
999 |a 0000958034   |b Book   |c Children Collection   |e Cawangan Kota Tinggi 
999 |a 0000958035   |b Book   |c Children Collection   |e Cawangan Bandar Tenggara 
999 |a 0000958036   |b Book   |c Children Collection   |e Perbadanan Perpustakaan Awam Johor 
999 |a 0000958037   |b Book   |c Children Collection   |e Cawangan Bandar Penawar 
999 |a 0000958038   |b Book   |c Children Collection   |e Perbadanan Perpustakaan Awam Johor